000
00284nam a22001337a 4500
008
170401b xxu||||| |||| 00| 0 eng d
020
_a
0867200723
041
_a
eng
080
_2
3RD
_a
574
100
_a
8
101
_a
SHM
245
_a
THE ENVIRONMENT
_c
REVELLE, P
942
_2
udc
_c
BK
999
_c
9398
_d
9398